| 000 | 01238pam a2200373 a 4500 | ||
|---|---|---|---|
| 001 | 1037978 | ||
| 003 | OSt | ||
| 005 | 20140310184344.0 | ||
| 008 | 890817s1990 nyua j 000 0 eng | ||
| 010 | _a 89039515 | ||
| 020 | _a0590444085 | ||
| 040 |
_aDLC _cDLC _dDLC |
||
| 042 | _alcac | ||
| 050 | 0 | 0 |
_aQC 981.3 _b.G53 1991 |
| 100 | 1 |
_aGibbons, Gail. _923032 |
|
| 245 | 1 | 0 |
_aWeather words and what they mean / _cby Gail Gibbons. |
| 250 | _a1st ed. | ||
| 260 |
_aNew York : _bHoliday House, _c1991 |
||
| 300 |
_bcol. ill. ; _c21 x 25 cm. |
||
| 500 | _aCover title: Weather words. | ||
| 520 | _aIntroduces basic weather terms and concepts. | ||
| 521 | _aG2 | ||
| 526 | _c450 | ||
| 562 | _e1 | ||
| 650 | 0 |
_aWeather _xTerminology _xJuvenile literature. _924711 |
|
| 650 | 0 |
_aMeteorology _xTerminology _xJuvenile literature. _924712 |
|
| 650 | 1 |
_aWeather _xTerminology. _924713 |
|
| 650 | 1 |
_aMeteorology _xTerminology. _924714 |
|
| 740 | 0 | _aWeather words. | |
| 906 |
_a7 _bcbc _corignew _d1 _eocip _f19 _gy-gencatlg |
||
| 942 |
_2lcc _cBK-SCHOLAS |
||
| 999 |
_c33856 _d33856 |
||